[Event "FIDE World Rapid Team"]
[Site "Almaty KAZ"]
[Date "2024.08.04"]
[Round "11.17"]
[White "Beisikenov, Eduard"]
[Black "Demezhanov, Tuleubek"]
[Result "1-0"]
[WhiteElo "1821"]
[BlackElo "1776"]
[WhiteTeam "Kazakhstan dream team"]
[BlackTeam "Abai Chess Team"]
[WhiteFideId "13785079"]
[BlackFideId "13707272"]
[EventDate "2024.08.02"]

1. e4 e5 2. Nf3 Nc6 3. Bc4 Nf6 4. d4 exd4 5. e5 d5 6. Bb5 Ne4 7. Nxd4 Bd7 8.
Bxc6 bxc6 9. O-O g6 10. f3 Nc5 11. f4 Ne6 12. Nf3 Bc5+ 13. Kh1 Ng7 14. Nbd2 O-O
15. Nb3 Bb6 16. a4 a5 17. Nbd4 c5 18. Nb5 Nf5 19. c3 c6 20. Na3 Qe7 21. Nc2 Rad8
22. Qe1 h6 23. g4 Ng7 24. Qg3 Be6 25. Rg1 d4 26. f5 Bd5 27. f6 Bxf3+ 28. Qxf3
Qxe5 29. fxg7 Kxg7 30. Bf4 Qe6 31. Rae1 Qb3 32. Na1 Qxa4 33. Re7 dxc3 34. b3 Qb4
35. Be5+ Kg8 36. Bxc3 1-0

[Event "FIDE World Rapid Team"]
[Site "Almaty KAZ"]
[Date "2024.08.04"]
[Round "11.18"]
[White "Akylbek, Eskendir"]
[Black "Sakenov, Askar"]
[Result "0-1"]
[WhiteElo "1603"]
[BlackElo "1715"]
[WhiteTeam "Abai Chess Team"]
[BlackTeam "Kazakhstan dream team"]
[WhiteFideId "13747860"]
[BlackFideId "13713655"]
[EventDate "2024.08.02"]

1. d4 d5 2. e3 Nf6 3. c3 c5 4. f4 cxd4 5. exd4 Nc6 6. Nf3 Bf5 7. Bd3 Bxd3 8.
Qxd3 e6 9. Nbd2 g6 10. O-O Bg7 11. Ne5 O-O 12. b3 Rc8 13. Bb2 Ne7 14. h3 Nf5 15.
g4 Nd6 16. Ba3 Nfe4 17. Nxe4 Nxe4 18. Bxf8 Rxc3 19. Qe2 Rg3+ 20. Kh1 Rxh3+ 21.
Qh2 Rxh2+ 22. Kxh2 Qh4+ 23. Kg1 Bxe5 24. Bc5 Qxg4+ 25. Kh1 Ng3+ 26. Kg2 Nxf1+
27. Kxf1 Qxf4+ 28. Ke2 Qe4+ 29. Kd2 Bf4+ 30. Kc3 e5 31. Rd1 exd4+ 32. Bxd4 Be5
33. a4 Qe3+ 34. Rd3 Bxd4+ 35. Kc2 Qe4 36. a5 b6 37. a6 h5 38. b4 h4 39. b5 h3
40. Kd2 Qg2+ 41. Kc1 Bc5 42. Rxh3 Qxh3 43. Kc2 d4 44. Kd2 Qe3+ 45. Kc2 Qc3+ 46.
Kd1 Qb2 47. Ke1 d3 48. Kf1 Qf2# 0-1

[Event "FIDE World Rapid Team"]
[Site "Almaty KAZ"]
[Date "2024.08.04"]
[Round "11.19"]
[White "Yermekov, Kairat"]
[Black "Kozganbay, Erkin"]
[Result "0-1"]
[BlackTitle "FM"]
[WhiteElo "2076"]
[BlackElo "2293"]
[WhiteTeam "VKO Team"]
[BlackTeam "Chess Ratel"]
[WhiteFideId "13702203"]
[BlackFideId "13703773"]
[EventDate "2024.08.02"]

1. d4 Nf6 2. c4 e6 3. Nc3 Bb4 4. f3 d6 5. e4 c5 6. d5 b5 7. Bg5 h6 8. Be3 O-O 9.
a3 Bxc3+ 10. bxc3 bxc4 11. Bxc4 Qa5 12. Ne2 Ba6 13. Bxa6 Qxa6 14. dxe6 fxe6 15.
O-O Nbd7 16. Nf4 Rfe8 17. Qd3 Qxd3 18. Nxd3 Nb6 19. Rfe1 e5 20. Nb2 Rab8 21. Re2
Re7 22. Rd1 Ne8 23. c4 Reb7 24. Rc2 Nc8 25. Na4 Rb3 26. Bc1 Nb6 27. Nxb6 R8xb6
28. Kf2 Kf7 29. g3 Nc7 30. Rcd2 Ke7 31. Rd3 Ne6 32. f4 Nd4 33. Be3 Rxd3 34. Rxd3
Rb2+ 35. Rd2 Rb3 36. Ra2 Nc6 37. Bd2 Kd7 38. g4 exf4 39. Bxf4 Ke6 40. Rd2 Ne5
41. Bxe5 Kxe5 42. Rd5+ Ke6 43. e5 dxe5 44. Rxc5 Rxa3 45. Rc7 Kf6 46. h4 e4 47.
g5+ hxg5 48. hxg5+ Kxg5 49. Rxg7+ Kf4 50. Rf7+ Ke5 51. Rd7 a5 52. Rd5+ Kf4 53.
c5 Ra2+ 54. Kf1 Kf3 55. Rf5+ Ke3 56. c6 Ra1+ 57. Kg2 Rc1 58. Rxa5 Rxc6 59. Ra3+
Kd2 60. Ra2+ Rc2 0-1

[Event "FIDE World Rapid Team"]
[Site "Almaty KAZ"]
[Date "2024.08.04"]
[Round "11.20"]
[White "Nukin, Askhat"]
[Black "Nyshanbayev, Bolat"]
[Result "1-0"]
[WhiteTitle "FM"]
[WhiteElo "2268"]
[BlackElo "2091"]
[WhiteTeam "Chess Ratel"]
[BlackTeam "VKO Team"]
[WhiteFideId "13703625"]
[BlackFideId "13704435"]
[EventDate "2024.08.02"]

1. e4 d6 2. d4 Nf6 3. Nc3 e5 4. Nf3 Nbd7 5. Bc4 Be7 6. O-O O-O 7. Re1 a6 8. a4
b6 9. b3 c6 10. Bb2 Bb7 11. Bf1 Re8 12. Qd2 Qc7 13. Rad1 Rad8 14. h3 Bf8 15. g3
g6 16. Bg2 Bg7 17. Ba3 exd4 18. Nxd4 c5 19. Nde2 Nxe4 20. Nxe4 Bxe4 21. Bxe4
Rxe4 22. Nf4 Rxe1+ 23. Qxe1 Ne5 24. Qe2 Qb7 25. Nd5 b5 26. axb5 axb5 27. Bb2 Re8
28. f4 Nf3+ 29. Qxf3 Bf8 1-0

[Event "FIDE World Rapid Team"]
[Site "Almaty KAZ"]
[Date "2024.08.04"]
[Round "11.21"]
[White "Shevchenko, Alexandr"]
[Black "Ulkhanov, Azamat"]
[Result "0-1"]
[WhiteElo "1814"]
[BlackElo "2006"]
[WhiteTeam "VKO Team"]
[BlackTeam "Chess Ratel"]
[WhiteFideId "13756478"]
[BlackFideId "13700235"]
[EventDate "2024.08.02"]

1. e4 e6 2. d4 d5 3. Nc3 Nf6 4. e5 Nfd7 5. f4 c5 6. Nf3 Nc6 7. Be3 Be7 8. Be2
O-O 9. O-O f6 10. f5 Nxd4 11. Nxd4 cxd4 12. fxe6 Nxe5 13. Qxd4 Bxe6 14. Rad1 Nc6
15. Qa4 Bb4 16. Nxd5 Bxd5 17. Bf3 Qe7 18. Bxd5+ Kh8 19. Bf2 Ne5 20. c3 Bc5 21.
Qe4 Rab8 22. Bd4 Qc7 23. b4 Bxd4+ 24. cxd4 Ng6 25. Bb3 Qd6 26. a3 Rfe8 27. Qc2
Rbc8 28. Qb2 Nf4 29. Qf2 Re4 30. Rfe1 Rce8 31. Rxe4 Rxe4 32. Re1 Rxe1+ 33. Qxe1
Qxd4+ 34. Kh1 g6 35. h3 Qe5 36. Qxe5 fxe5 37. Kh2 Kg7 38. g3 Ne2 39. Bd5 b6 40.
Kg2 Kf6 41. Kf3 Nc3 42. Bg8 h6 43. Bb3 Nb5 44. Ke4 Nxa3 45. Kd5 Nb5 46. Bc4 Nd4
47. b5 h5 48. Bd3 g5 49. g4 hxg4 50. hxg4 Ne6 51. Kc6 e4 52. Bc4 Nc5 53. Kc7 Ke5
54. Kb8 Kd4 55. Bf1 Ke3 56. Kxa7 Na4 57. Bc4 Kd2 58. Kb7 e3 59. Kc6 e2 60. Bxe2
Kxe2 61. Kd5 Kf3 0-1

[Event "FIDE World Rapid Team"]
[Site "Almaty KAZ"]
[Date "2024.08.04"]
[Round "11.22"]
[White "Gein, Dmitriy"]
[Black "Sadybekov, Adilzhan"]
[Result "1/2-1/2"]
[WhiteElo "1723"]
[BlackElo "1674"]
[WhiteTeam "Chess Ratel"]
[BlackTeam "VKO Team"]
[WhiteFideId "13781022"]
[BlackFideId "13764799"]
[EventDate "2024.08.02"]

1. c4 Nf6 2. Nc3 g6 3. d4 d5 4. cxd5 Nxd5 5. e4 Nxc3 6. bxc3 Bg7 7. Bc4 c5 8.
Ne2 Nc6 9. Be3 O-O 10. O-O Bg4 11. f3 Na5 12. Bb3 cxd4 13. cxd4 Bd7 14. Rb1 Nxb3
15. Qxb3 a6 16. d5 Bb5 17. Rfe1 Qa5 18. Bd4 Bh6 19. Nc3 Bd2 20. Red1 Bxc3 21.
Bxc3 Qa4 22. Qb2 Rfc8 23. e5 Qc4 24. Rbc1 Rd8 25. Ba5 Rxd5 26. Rxc4 Rxd1+ 27.
Kf2 Bxc4 28. Qc2 Rf1+ 29. Kg3 b5 30. Bb4 e6 31. Qd2 Kg7 32. Be7 h6 33. Bf6+ Kh7
34. Qd7 Kg8 35. Bd8 Kg7 36. a4 g5 37. h4 gxh4+ 38. Bxh4 Rg8 39. Bf6+ Kg6 40. Kf4
Ra1 41. Qd4 Re1 42. g4 h5 43. Qf2 Rd1 44. gxh5+ Kh7 45. Qc2+ Rd3 46. h6 Rg1 47.
Qf2 Rf1 48. Qa7 Rfxf3+ 49. Kg4 Rg3+ 50. Kh5 Rh3+ 51. Kg4 Rhg3+ 52. Kh4 Rh3+ 53.
Kg4 Rhg3+ 54. Kh4 Rh3+ 55. Kg4 Rhg3+ 56. Kh4 Kg6 1/2-1/2

[Event "FIDE World Rapid Team"]
[Site "Almaty KAZ"]
[Date "2024.08.04"]
[Round "11.23"]
[White "Tulekenova, Aiza"]
[Black "Momyn, Madina"]
[Result "1-0"]
[WhiteElo "1581"]
[BlackElo "1733"]
[WhiteTeam "VKO Team"]
[BlackTeam "Chess Ratel"]
[WhiteFideId "13763881"]
[BlackFideId "13748866"]
[EventDate "2024.08.02"]

1. e4 c6 2. c4 d5 3. cxd5 cxd5 4. exd5 Nf6 5. Qa4+ Bd7 6. Qb3 Qc7 7. Nc3 a6 8.
Nf3 Bg4 9. Be2 Nbd7 10. O-O Nb6 11. h3 Bh5 12. d3 Rd8 13. Be3 Nfxd5 14. Nxd5
Nxd5 15. Rac1 Qb8 16. Qa4+ b5 17. Qxa6 e6 18. Ba7 Rd6 19. Rc8+ Kd7 20. Ne5+ Ke7
21. Bc5 Kf6 22. Nd7+ Rxd7 23. Rxb8 Bxe2 24. Re1 Bxc5 25. Rxh8 Bxd3 26. Rc8 Bb4
27. Rd1 Be2 28. Rd4 Bd6 29. Qc6 Ke7 30. Rf8 Rc7 31. Re8+ Kf6 32. Qxd6 Rc1+ 33.
Kh2 Kf5 34. Rxd5+ exd5 35. Qxd5+ Kg6 36. Rxe2 1-0

[Event "FIDE World Rapid Team"]
[Site "Almaty KAZ"]
[Date "2024.08.04"]
[Round "11.24"]
[White "Abdsattar, Alisher"]
[Black "Niyazbek, Nurtileu"]
[Result "0-1"]
[WhiteTitle "CM"]
[WhiteElo "2025"]
[BlackElo "1578"]
[WhiteTeam "Chess Ratel"]
[BlackTeam "VKO Team"]
[WhiteFideId "13749358"]
[BlackFideId "13765337"]
[EventDate "2024.08.02"]

1. e4 c5 2. Nf3 d6 3. d4 cxd4 4. Nxd4 Nf6 5. Nc3 g6 6. Be3 Bg7 7. f3 Nc6 8. Qd2
Bd7 9. O-O-O O-O 10. Kb1 a6 11. h4 h5 12. Be2 Ne5 13. Nd5 Nxd5 14. exd5 Rc8 15.
g4 hxg4 16. f4 Nc4 17. Bxc4 Rxc4 18. h5 Bf5 19. hxg6 fxg6 20. Qh2 Qd7 21. Rhe1
Rfc8 22. Rd2 g3 23. Qxg3 Bxd4 24. Bxd4 Rxc2 25. Rxc2 Rxc2 26. Ka1 Qc7 27. Bc3
Qc4 28. Qe3 Be4 29. a3 Bxd5 30. Kb1 Rg2 31. Kc1 Qa2 32. Re2 Qa1+ 33. Kc2 Bb3+
34. Kxb3 Qd1+ 35. Ka2 Rxe2 36. Qf3 Rxb2+ 0-1

[Event "FIDE World Rapid Team"]
[Site "Almaty KAZ"]
[Date "2024.08.04"]
[Round "11.25"]
[White "Balguzhinov, Bakhyt"]
[Black "Annaberdiyev, Meylis"]
[Result "0-1"]
[BlackTitle "GM"]
[WhiteElo "2155"]
[BlackElo "2431"]
[WhiteTeam "Chessacademy_pvl"]
[BlackTeam "TKM Chess"]
[WhiteFideId "13703854"]
[BlackFideId "14000563"]
[EventDate "2024.08.02"]

1. d4 d5 2. Nf3 Nf6 3. e3 e6 4. Bd3 c5 5. c3 Nc6 6. Nbd2 Bd6 7. O-O O-O 8. dxc5
Bxc5 9. e4 Qc7 10. Qe2 h6 11. h3 Nh5 12. Nb3 Ng3 13. Qd1 Bb6 14. Re1 dxe4 15.
Bxe4 Nxe4 16. Rxe4 e5 17. Be3 Be6 18. Bxb6 axb6 19. Re3 Rfd8 20. Qe1 Bxb3 21.
axb3 Rxa1 22. Qxa1 f5 23. b4 b5 24. Qa2+ Kh8 25. Qe6 e4 26. Ne1 Qe5 27. Qg6 Rd1
28. g3 Ne7 29. Qe8+ Kh7 30. Qh5 Qd5 31. g4 Qd2 32. Kf1 f4 33. Re2 Rxe1+ 34. Rxe1
e3 35. fxe3 f3 0-1

[Event "FIDE World Rapid Team"]
[Site "Almaty KAZ"]
[Date "2024.08.04"]
[Round "11.26"]
[White "Turayev, Shahruh"]
[Black "Prokoptsov, Mikhail"]
[Result "1-0"]
[WhiteElo "2097"]
[BlackElo "1702"]
[WhiteTeam "TKM Chess"]
[BlackTeam "Chessacademy_pvl"]
[WhiteFideId "14003856"]
[BlackFideId "447005122"]
[EventDate "2024.08.02"]

1. d4 Nf6 2. c4 e5 3. dxe5 Ng4 4. e3 Nxe5 5. Nh3 Nbc6 6. Nc3 Be7 7. Be2 Ng6 8.
O-O d6 9. Nf4 Nxf4 10. exf4 O-O 11. Bd3 Re8 12. Nd5 Bf8 13. a4 a5 14. Ra3 Ne7
15. Qh5 Ng6 16. f5 Ne5 17. Bb1 c6 18. Bg5 f6 19. Rh3 cxd5 20. Qxh7+ Kf7 21. f4
Qb6+ 22. Kh1 d4 23. fxe5 dxe5 24. Rh6 Ra6 25. Rxf6+ Qxf6 26. Bxf6 Rxf6 27. c5
Ke7 28. g4 Kd8 29. g5 Rc6 30. Be4 Rxc5 31. f6 gxf6 32. gxf6 Rc7 33. f7 Re6 34.
Qg8 Ke7 35. Qg5+ Kd6 36. Qd8+ Bd7 37. Qxf8+ Re7 38. Qxe7+ Kxe7 39. f8=Q+ 1-0

[Event "FIDE World Rapid Team"]
[Site "Almaty KAZ"]
[Date "2024.08.04"]
[Round "11.27"]
[White "Derksen, Vadim"]
[Black "Halynyazov, Vepaly"]
[Result "1/2-1/2"]
[WhiteElo "1735"]
[BlackElo "2049"]
[WhiteTeam "Chessacademy_pvl"]
[BlackTeam "TKM Chess"]
[WhiteFideId "13737244"]
[BlackFideId "14004020"]
[EventDate "2024.08.02"]

1. e4 e6 2. d4 d5 3. Nd2 c5 4. exd5 Qxd5 5. Ngf3 cxd4 6. Bc4 Qd6 7. O-O Nf6 8.
Nb3 Nc6 9. Nfxd4 Nxd4 10. Qxd4 a6 11. Bf4 Qxd4 12. Nxd4 Bc5 13. Nb3 Be7 14. Be2
Nd5 15. Be5 f6 16. Bd4 e5 17. Bc5 Be6 18. Bxe7 Kxe7 19. Nc5 Rac8 20. Nxe6 Kxe6
21. c3 f5 22. Rad1 Rhd8 23. Rfe1 b5 24. a4 Nf4 25. Bf1 bxa4 26. Bc4+ Kf6 27.
Bxa6 Rxd1 28. Rxd1 Rb8 29. Rd2 e4 30. Bc4 Nd3 31. Bxd3 exd3 32. f4 Ke6 33. Kf2
Kd5 34. Rxd3+ Kc4 35. Rd4+ Kb3 36. Ke3 Re8+ 37. Kd2 Re4 38. Rd7 Kxb2 39. Rb7+
Ka2 40. Rxg7 Rxf4 41. Rxh7 Rf2+ 42. Kc1 Kb3 43. Rb7+ Kxc3 44. Rc7+ Kb3 45. Rb7+
Ka2 46. Rc7 Rxg2 47. h4 Rg1+ 48. Kc2 Rh1 49. Rf7 Rh2+ 50. Kc1 Rxh4 51. Rxf5 Rc4+
52. Kd2 a3 53. Rb5 Rh4 54. Rb8 Rh2+ 55. Kc1 Rb2 56. Ra8 Rb7 57. Kc2 Rb2+ 58. Kc1
Rb4 59. Rc8 Rb2 60. Ra8 Rb4 61. Rc8 Rh4 62. Rb8 Rc4+ 63. Kd2 Ka1 64. Rb3 Ka2 65.
Rb8 Rg4 66. Kc2 Rg2+ 67. Kc1 Rb2 68. Ra8 Rb7 69. Rc8 Ka1 70. Kc2 Rb2+ 71. Kc1
Ka2 72. Ra8 Rb4 73. Rc8 Rf4 74. Rb8 Rc4+ 75. Kd2 Ka1 76. Rb3 1/2-1/2

[Event "FIDE World Rapid Team"]
[Site "Almaty KAZ"]
[Date "2024.08.04"]
[Round "11.28"]
[White "Agajanova, Meryem"]
[Black "Semenov, Miroslav"]
[Result "1-0"]
[WhiteTitle "WCM"]
[WhiteElo "2007"]
[BlackElo "1512"]
[WhiteTeam "TKM Chess"]
[BlackTeam "Chessacademy_pvl"]
[WhiteFideId "14005930"]
[BlackFideId "447010525"]
[EventDate "2024.08.02"]

1. d4 Nf6 2. c4 e5 3. dxe5 Ng4 4. Nf3 Nc6 5. Bf4 Bb4+ 6. Nbd2 Qe7 7. a3 Ngxe5 8.
Nxe5 Nxe5 9. e3 Bxd2+ 10. Qxd2 d6 11. Be2 O-O 12. O-O Be6 13. Qc3 Ng6 14. Bg3
Rfe8 15. Rfd1 Qg5 16. Bf3 Rab8 17. Rac1 h5 18. Qd4 h4 19. Bf4 Nxf4 20. exf4 Qg6
21. f5 Bxf5 22. Qxh4 Be4 23. Qf4 Bxf3 24. Qxf3 Qe4 25. Qc3 Qe5 26. g3 Qxc3 27.
Rxc3 Re2 28. b4 Rbe8 29. c5 Re1+ 30. Rxe1 Rxe1+ 31. Kg2 dxc5 32. Rxc5 c6 33. Kf3
Kf8 34. Rc3 Ke7 35. Rd3 Ke6 36. Kf4 f6 37. h4 Rc1 38. Re3+ Kf7 39. Ke4 a5 40.
bxa5 Rc4+ 41. Kf3 Ra4 42. Rb3 Rxa5 43. Rxb7+ Kg6 44. Rb3 Kf5 45. Re3 Ra7 46. g4+
Kg6 47. Rc3 Ra4 48. Kg3 Ra6 49. f3 Kf7 50. Re3 Ra4 51. Kf2 Rc4 52. Ke2 g6 53.
Kd3 Ra4 54. Kc2 f5 55. Kb3 Rf4 56. gxf5 gxf5 57. a4 Rxh4 58. a5 Rh1 59. Kb4 Kf6
60. a6 Rb1+ 61. Rb3 Ra1 62. Ra3 c5+ 63. Ka4 Rd1 64. Kb5 Rb1+ 65. Kc6 Rb8 66. a7
Ra8 67. Kb7 Rxa7+ 68. Kxa7 Ke5 69. Kb6 Kd4 70. Kb5 c4 71. Kb4 Kd5 1-0

[Event "FIDE World Rapid Team"]
[Site "Almaty KAZ"]
[Date "2024.08.04"]
[Round "11.29"]
[White "Sembay, Aisana"]
[Black "Ezizov, Muhammet"]
[Result "0-1"]
[WhiteElo "1527"]
[BlackElo "1909"]
[WhiteTeam "Chessacademy_pvl"]
[BlackTeam "TKM Chess"]
[WhiteFideId "13791281"]
[BlackFideId "14003759"]
[EventDate "2024.08.02"]

1. e4 e6 2. d4 d5 3. exd5 exd5 4. Nf3 Bg4 5. c3 Bd6 6. h3 Bh5 7. Bd3 Qf6 8. Nbd2
Nd7 9. a4 Qe6+ 10. Qe2 Qxe2+ 11. Bxe2 O-O-O 12. O-O Ngf6 13. Re1 Rde8 14. Bd3
Rxe1+ 15. Nxe1 Re8 16. Ndf3 a6 17. Be3 Ne4 18. Nd2 Ndf6 19. Nef3 Nxd2 20. Nxd2
Bg6 21. Bxg6 hxg6 22. Kf1 Ne4 23. Nxe4 dxe4 24. c4 f5 25. c5 Be7 26. b4 g5 27.
g3 Rf8 28. b5 f4 29. gxf4 gxf4 30. Bd2 Bf6 31. Bc3 Rh8 32. Kg2 f3+ 33. Kh2 Bg5
34. Re1 Bf4+ 35. Kg1 Rh4 36. Bb2 Bd2 37. Rd1 e3 38. fxe3 Bxe3+ 39. Kh2 Bf4+ 40.
Kg1 axb5 41. axb5 Rxh3 42. Kf2 g5 43. Rg1 Rh2+ 44. Kxf3 Rxb2 0-1

[Event "FIDE World Rapid Team"]
[Site "Almaty KAZ"]
[Date "2024.08.04"]
[Round "11.33"]
[White "Almazuly, Azamat"]
[Black "Zeynyshev, Elnur"]
[Result "0-1"]
[WhiteElo "1720"]
[BlackElo "1812"]
[WhiteTeam "Abai's Gambit Pioneers"]
[BlackTeam "Future GM"]
[WhiteFideId "447002646"]
[BlackFideId "13719386"]
[EventDate "2024.08.02"]

1. d4 Nf6 2. c4 g6 3. Nc3 Bg7 4. e4 d6 5. Be2 O-O 6. Nf3 Qe8 7. O-O e5 8. d5 a5
9. h3 Na6 10. Be3 Nc5 11. Qc2 b6 12. b3 Nh5 13. a3 f5 14. Nd2 Nf4 15. Bf3 Qf7
16. b4 fxe4 17. Ndxe4 Nxe4 18. Bxe4 Bd7 19. Rae1 Qf6 20. Kh2 Qh4 21. f3 axb4 22.
axb4 Ra3 23. Bf2 Qg5 24. g4 Qh6 25. h4 Bf6 26. Rh1 Bxh4 27. Kg1 Bxf2+ 28. Kxf2
Qg5 29. Rh2 Rf7 30. Rg1 Qf6 31. Rg3 Rf8 32. Rh1 Rfa8 33. Rb1 Qh4 34. Rg1 Nh3+
35. Ke3 Qg5+ 36. Kd3 Nf4+ 37. Kd2 Ng2+ 38. Ke2 Qe3+ 39. Kf1 Rxc3 40. Qe2 Ra1+ 0-1

[Event "FIDE World Rapid Team"]
[Site "Almaty KAZ"]
[Date "2024.08.04"]
[Round "11.34"]
[White "Karepov, Ilya"]
[Black "Kalikhan, Abilmansur"]
[Result "0-1"]
[WhiteElo "1719"]
[BlackElo "1670"]
[WhiteTeam "Future GM"]
[BlackTeam "Abai's Gambit Pioneers"]
[WhiteFideId "13728938"]
[BlackFideId "447010908"]
[EventDate "2024.08.02"]

1. d4 Nf6 2. Bf4 d5 3. e3 c5 4. c3 Nc6 5. Bd3 Qb6 6. Qb3 c4 7. Qxb6 axb6 8. Bc2
b5 9. Na3 b4 10. Nb5 Kd8 11. a4 Bd7 12. Nf3 e6 13. Ng5 Be8 14. O-O h6 15. Nf3
Nh5 16. Bc7+ Kc8 17. Bb6 Be7 18. b3 Rf8 19. bxc4 dxc4 20. cxb4 Nxb4 21. Rac1
Nxc2 22. Rxc2 Rxa4 23. Nc7 Bc6 24. Ne5 Bd8 25. Bc5 Rg8 26. Nxe6 fxe6 27. Nxc4
Rxc4 28. Rxc4 Bb5 29. Rfc1 Bxc4 30. Rxc4 Kd7 31. Ra4 Bc7 32. e4 Nf6 33. f3 Rb8
34. Kf2 b5 35. Rb4 Ba5 36. Rb1 Ne8 37. Bf8 Bb6 38. Ke2 Bxd4 39. f4 e5 40. Rd1
Kc6 41. f5 b4 42. Kd3 b3 43. Kc4 Nd6+ 44. Bxd6 Kxd6 45. g4 b2 46. Rb1 Rc8+ 0-1

[Event "FIDE World Rapid Team"]
[Site "Almaty KAZ"]
[Date "2024.08.04"]
[Round "11.35"]
[White "Raipov, Alinur"]
[Black "Nauanova Zhaniya"]
[Result "0-1"]
[WhiteElo "1504"]
[BlackElo "1835"]
[WhiteTeam "Abai's Gambit Pioneers"]
[BlackTeam "Future GM"]
[WhiteFideId "13763814"]
[BlackFideId "13780956"]
[EventDate "2024.08.02"]

1. e4 e6 2. d4 d5 3. e5 c5 4. c3 Nc6 5. Nf3 Qb6 6. a3 cxd4 7. cxd4 Bd7 8. Nc3
Nge7 9. b4 Nf5 10. Be3 Nxe3 11. fxe3 Nxb4 12. Na4 Bxa4 13. Qxa4+ Nc6 14. Bb5 Be7
15. Rc1 Rc8 16. Bxc6+ Rxc6 17. O-O O-O 18. Rxc6 bxc6 19. Nd2 Qb2 20. Nf3 Qb6 21.
Rc1 Rc8 22. Rc3 c5 23. Rb3 Qc7 24. Qa6 Rb8 25. Qa4 Rxb3 26. Qxb3 c4 27. Qc3 Qb6
28. Nd2 Qa6 29. e4 Qxa3 30. Qc2 Qe3+ 31. Kf1 Qxd4 32. exd5 exd5 33. Nf3 Qa1+ 34.
Kf2 c3 35. Kg3 Qb2 36. Qf5 c2 37. Ng5 Qc3+ 38. Kg4 Bxg5 39. Qxg5 Qc8+ 40. Kg3
c1=Q 0-1

[Event "FIDE World Rapid Team"]
[Site "Almaty KAZ"]
[Date "2024.08.04"]
[Round "11.36"]
[White "Omar, Temirlan"]
[Black "Kiribayeva, Togzhan"]
[Result "1-0"]
[WhiteElo "1874"]
[BlackElo "1544"]
[WhiteTeam "Future GM"]
[BlackTeam "Abai's Gambit Pioneers"]
[WhiteFideId "13723960"]
[BlackFideId "13739263"]
[EventDate "2024.08.02"]

1. d4 Nf6 2. Bf4 g6 3. Nc3 d6 4. e4 Nbd7 5. Nf3 Bg7 6. Qd2 c6 7. Bh6 O-O 8. Be2
e5 9. Bxg7 Kxg7 10. O-O-O Re8 11. h3 Qb6 12. dxe5 dxe5 13. Bc4 Nc5 14. Ng5 Be6
15. Nxe6+ Nxe6 16. Bxe6 Rxe6 17. h4 h5 18. f3 Rh8 19. Qg5 a5 20. Rd3 Qc7 21.
Rhd1 b5 22. Ne2 Nh7 23. Qe3 Nf6 24. Qg5 Nh7 25. Qe3 Nf6 26. Ng3 Rhe8 27. Nf5+
Kg8 28. Qh6 gxf5 29. exf5 e4 30. fxe4 Rxe4 31. Qg5+ Kh7 32. Qxf6 R4e7 33. Rd6
Re1 34. Qh6+ Kg8 35. Qg5+ Kf8 36. f6 Rxd1+ 37. Rxd1 1-0

[Event "FIDE World Rapid Team"]
[Site "Almaty KAZ"]
[Date "2024.08.04"]
[Round "11.37"]
[White "Malyi, Viacheslav"]
[Black "Bulatov, Ramil"]
[Result "0-1"]
[WhiteTitle "FM"]
[WhiteElo "2391"]
[BlackElo "2137"]
[WhiteTeam "KRG-Team"]
[BlackTeam "Chess Dream"]
[WhiteFideId "14123983"]
[BlackFideId "4166140"]
[EventDate "2024.08.02"]

1. e4 e6 2. Nf3 d5 3. e5 c5 4. b4 d4 5. bxc5 Bxc5 6. Bd3 Nc6 7. O-O Nge7 8. Qe2
Ng6 9. g3 O-O 10. Ba3 Qa5 11. Bxc5 Qxc5 12. Re1 b6 13. h4 f6 14. exf6 gxf6 15.
c3 Bd7 16. cxd4 Nxd4 17. Nxd4 Qxd4 18. Nc3 f5 19. Nb5 Qf6 20. Rac1 Rf7 21. Nd6
Rg7 22. h5 Nf4 23. Qf3 Nxd3 24. Qxa8+ Qf8 25. Qxf8+ Kxf8 26. Kf1 Nxc1 27. Rxc1
Ke7 28. Nc8+ Bxc8 29. Rxc8 Kf6 30. Re8 Re7 31. Rg8 Kf7 32. Rg5 Re8 33. f4 Rg8
34. d4 h6 35. Rxg8 Kxg8 36. Ke2 Kf7 37. Kd3 Ke7 38. Kc4 a6 39. d5 Kd6 40. dxe6
Kxe6 41. Kd4 Kd6 42. a4 b5 43. axb5 axb5 44. Kc3 Kd5 45. Kb4 Ke4 46. Kxb5 Kf3
47. Kc5 Kxg3 48. Kd4 0-1

[Event "FIDE World Rapid Team"]
[Site "Almaty KAZ"]
[Date "2024.08.04"]
[Round "11.38"]
[White "Ishmukhamedov, Akhmet"]
[Black "Altynbekuly, Madiyar"]
[Result "0-1"]
[WhiteElo "1978"]
[BlackElo "2114"]
[WhiteTeam "Chess Dream"]
[BlackTeam "KRG-Team"]
[WhiteFideId "13701916"]
[BlackFideId "13736264"]
[EventDate "2024.08.02"]

1. c4 c6 2. g3 d5 3. cxd5 cxd5 4. Bg2 Nf6 5. Nf3 Nc6 6. O-O e5 7. d4 e4 8. Ne5
Bd6 9. Nxc6 bxc6 10. Nc3 O-O 11. f3 exf3 12. Bxf3 Re8 13. Bg5 Be7 14. Qd3 h6 15.
Bf4 a5 16. Rac1 Bd6 17. Bxd6 Qxd6 18. Na4 Ba6 19. Qc2 Bb5 20. Nc5 Qe7 21. Rf2
Qe3 22. a4 Bc4 23. Qc3 Rab8 24. b3 Bxb3 25. Nxb3 Rxb3 26. Qxc6 Qxd4 27. Bxd5 Rb6
28. Qc7 Rxe2 29. Qxf7+ Kh7 30. Rf1 Rxf2 31. Rxf2 Rb1+ 32. Kg2 Qxd5+ 33. Qxd5
Nxd5 34. Rd2 Nf6 35. Rd4 Rb4 36. Rd6 Rxa4 37. h3 Ra3 38. g4 Ne4 39. Ra6 Ra2+ 40.
Kf3 Ng5+ 41. Kg3 Ra3+ 42. Kf4 Nxh3+ 43. Kf5 Rf3+ 44. Ke5 Rf4 45. g5 hxg5 46.
Rxa5 Kh6 47. Ra8 g4 48. Rh8+ Kg5 49. Rg8 Rf7 50. Ra8 g3 51. Ra3 Kg4 52. Ra4+ Nf4
53. Ke4 g2 54. Ra1 Nh3 55. Ke3 Rf1 56. Ra4+ Nf4 57. Rxf4+ Rxf4 58. Ke2 g1=Q 0-1

[Event "FIDE World Rapid Team"]
[Site "Almaty KAZ"]
[Date "2024.08.04"]
[Round "11.39"]
[White "Kozhabekov, Adilkhan"]
[Black "Lysakov, Anton"]
[Result "0-1"]
[WhiteElo "1855"]
[BlackElo "1947"]
[WhiteTeam "KRG-Team"]
[BlackTeam "Chess Dream"]
[WhiteFideId "13702858"]
[BlackFideId "4193750"]
[EventDate "2024.08.02"]

1. d4 d5 2. Nf3 Nf6 3. c4 c6 4. e3 Bf5 5. Bd3 Bxd3 6. Qxd3 e6 7. Nc3 Bd6 8. O-O
O-O 9. e4 dxe4 10. Nxe4 Nxe4 11. Qxe4 Nd7 12. Bg5 Be7 13. Bf4 h6 14. Rfd1 Nf6
15. Qe2 Qa5 16. Ne5 Rfd8 17. a3 c5 18. b4 cxb4 19. axb4 Qxb4 20. Rab1 Qc3 21.
Rd3 Qa5 22. Rxb7 Bd6 23. Qf3 Qe1# 0-1

[Event "FIDE World Rapid Team"]
[Site "Almaty KAZ"]
[Date "2024.08.04"]
[Round "11.40"]
[White "Minnekhanov, Eldar"]
[Black "Savitskiy, Vladimir"]
[Result "1-0"]
[WhiteElo "1750"]
[BlackElo "1893"]
[WhiteTeam "Chess Dream"]
[BlackTeam "KRG-Team"]
[WhiteFideId "13705660"]
[BlackFideId "13739999"]
[EventDate "2024.08.02"]

1. e4 c5 2. Nf3 a6 3. d3 d6 4. g3 g6 5. Bg2 Bg7 6. O-O e6 7. Re1 Ne7 8. c3 O-O
9. d4 cxd4 10. cxd4 d5 11. e5 Bd7 12. Nc3 Nbc6 13. Bg5 h6 14. Bf4 Qb6 15. Qd2
Kh7 16. h4 Nf5 17. Ne2 Rfc8 18. g4 Nfe7 19. Rac1 Qb4 20. Rc3 Qa5 21. h5 gxh5 22.
Qd3+ Kh8 23. g5 Nf5 24. gxh6 Bf8 25. Ng5 Nd8 26. Ng3 Rxc3 27. bxc3 Bxh6 28. Nxh5
Rc8 29. Rc1 Bb5 30. Qh3 Kg8 31. Nf6+ Kf8 32. Ngh7+ Kg7 33. Qg4+ Kh8 34. Qg8# 1-0